Missing Word: PG Movies A-Z Quiz Stats

Quiz Updated Sep 6, 2015

Challenge
Share
Tweet
Embed
Score 0/24 Timer 03:00
0 Plays Today
Hint Answer % Correct
The Nightmare Before ____ - 1993Christmas
98.5%
____ Alone - 1990Home
98.4%
Raiders of the Lost ____ - 1981Ark
98.2%
Back to the ____ - 1985Future
97.8%
My Big Fat ____ Wedding - 2002Greek
97.4%
The Princess ____ - 1987Bride
95.7%
The ____ Kid - 1984Karate
95.6%
How to ____ Your Dragon - 2010Train
95.3%
Night at the ____ - 2006Museum
95.2%
Field of ____ - 1989Dreams
95.2%
Dead ____ Society - 1989Poets
95.2%
Where the ____ Things Are - 2009Wild
95.1%
Hint Answer % Correct
____ Age - 2002Ice
94.9%
Kramer ____ Kramer - 1979vs.
94.1%
The Hunt for Red ____ - 1990October
93.2%
____ Frankenstein - 1974Young
92.3%
Twilight ____: The Movie - 1983Zone
91.1%
____ Treasure - 2004National
83.6%
The ____ Man - 1980Elephant
62.1%
The ____ Movie - 2014Lego
48.4%
____ - 2009Up
45.6%
The Little ____ - 1994Rascals
38.3%
____ Away - 2001Spirited
35.2%
The Hundred-Foot ____ - 2014Journey
30.4%

Today's Daily Dose

Missing Word
1971 Movies A-Z

Word Ladder
Complete Tour

Quick Pick
Logo Colors

On This Day
January 19th

You're not logged in!

Compare scores with friends on all Sporcle quizzes.
Sign Up with Email
OR
Log In

You Might Also Like...

Show Comments

Extras

Top Quizzes Today


Score Distribution

Your Account Isn't Verified!

In order to create a playlist on Sporcle, you need to verify the email address you used during registration. Go to your Sporcle Settings to finish the process.